00822nam a2200217Ia 4500003000900000008004100009040001600050080002200066245008300088260006700171300001400238490001600252650004300268650002800311650004900339700003100388700003700419942000700456999001500463952012600478IN-BaIIA211028s9999 xx 000 0 eng d cIIA Library a520.8(082.2)bINS 0aInstrumentation in astronomycedited by Lewis Larmore and Robert W. Poindexter aU.S.AbThe International Society for Optical Engineeringc1972 aix, 304p. aSPIE; v. 28 a Astronomical instrumentation 98058 a Instrumentation98059 aAstronomy and Astrophysics Thesaurus 91143 aLarmore, Lewis., ed.98060 aPoindexter, Robert W., ed.98061 cBK c4579d4579 00104070aBANbBANcGENd1974-12-10g272.00l0o520.8(082.2)/ INSp5109r2021-11-05v272.00w1974-12-10yBKGRs. 272.00